000
00300nam a2200121Ia 4500
008
190216s9999||||xx |||||||||||||| ||und||
100
_a
Sree Kandan Nair C N
245
0
_a
Lankalakshmi
260
_b
Calicut University Publications
_c
1993
300
_a
83
650
_a
Malayalam Nadakam
942
_c
BK
999
_c
27056
_d
27056